000 00349nam a2200133Ia 4500
008 151001s9999||||xx |||||||||||||| ||und||
100 _aयु म पठाण
245 _aनिबंधांजली
250 _a1
260 _bअनिरुद्ध साहित्य
260 _c2006
300 _a178
365 _b21
999 _c983856
_d983853